000
00277nam a22001217a 4500
008
260220b ||||| |||| 00| 0 eng d
041
_a
eng
080
_a
2.1
100
_a
20.1
101
_a
roman
245
_a
Teatri si Alternativ
_c
Mirela Oktrova -Demiraj
942
_2
udc
_c
BK
999
_c
60830
_d
60830